| 000 | 00591cam a2200217ua 4500 | ||
|---|---|---|---|
| 001 | 11914 | ||
| 008 | 191118n ii |||gr||||Z||||||eng | ||
| 020 | _a9789350535424 | ||
| 040 | _cMAIN | ||
| 041 | _aeng | ||
| 082 | _a338.9 | ||
| 100 |
_aVinod Kumar N Prajapati, _eAuthor. |
||
| 245 |
_aEconomic analysis of industrial sector in India _cBy Vinod Kumar N Prajapati |
||
| 250 | _a1st ed. | ||
| 260 |
_aNew Delhi: _bCyber tech publications, _c2017. |
||
| 300 | _a248p. | ||
| 653 | _aProduction | ||
| 653 | _aEconomic development | ||
| 700 |
_aJayshree K Desai, _eAuthor. |
||
| 942 | _cBK | ||
| 999 |
_c10702 _d10702 |
||